Phonetic Alphabet - Statistics

General Stats
  • This quiz has been taken 34 times
  • The average score is 20 of 26
Answer Stats
Hint Answer % Correct
A Alpha
100%
B Bravo
91%
D Delta
86%
F Foxtrot
86%
I India
86%
E Echo
82%
J Juliet
82%
R Romeo
82%
X X-ray
82%
C Charlie
77%
G Golf
77%
H Hotel
77%
M Mike
77%
N November
77%
L Lima
73%
O Oscar
73%
Q Quebec
73%
S Sierra
73%
T Tango
73%
V Victor
73%
Y Yankee
73%
Z Zulu
73%
K Kilo
68%
P Papa
68%
W Whiskey
68%
U Uniform
64%
No matching quizzes found
Score Distribution
Percent of People with Each Score
Percentile by Number Answered
Your Score History
You have not taken this quiz